Music Quiz: Guess The Pop Album - Statistics

General Stats
  • This quiz has been taken 39 times
    24 since last reset
  • The average score is 9 of 60
Answer Stats
Picture Answer % Correct
1989
90%
Happier Than Ever
67%
Sour
62%
Brat
57%
Born To Die
52%
Future Nostalgia
52%
Renaissance
52%
Sweetener
48%
Teenage Dream
48%
Melodrama
43%
Motomami
33%
The Fame Monster
29%
Loud
24%
1000 Forms of Fear
19%
Purpose
19%
Bangerz
14%
Believe
14%
Blackout
14%
Hounds of Love
14%
Spice
14%
Take Me Home
14%
Arrival
10%
Emotion
10%
Homogenic
10%
Like A Prayer
10%
Millennium
10%
Rio
10%
The Album
10%
The Queen Is Dead
10%
Aquarium
5%
Ceremonials
5%
Come Away with Me
5%
Demon Days
5%
Diva
5%
Immunity
5%
Loose
5%
Love. Angel. Music. Baby.
5%
Nightclubbing
5%
Pet Sounds
5%
The E.N.D.
5%
The Sign
5%
Violator
5%
xx
5%
Actually
0%
A Head Full of Dreams
0%
Blurryface
0%
Body Talk
0%
Contra
0%
Control
0%
Dare
0%
Desire, I Want to Turn Into You
0%
Diamond Life
0%
Falling Into You
0%
Fever
0%
Heaven or Las Vegas
0%
Magdalene
0%
No Strings Attached
0%
Oracular Spectacular
0%
Wings
0%
Wolfgang Amadeus Phoenix
0%
No matching quizzes found
Score Distribution
Percent of People with Each Score
Percentile by Number Answered
Your Score History
You have not taken this quiz since the last reset